Statistics for Click On The Correct Country - Map Quiz

Click here to take the quiz!

General Stats

  • This quiz has been taken 72 times
  • The average score is 13 of 15

Answers on the Map

Answers color-coded by a green-red scale on the quiz's map according to % correct below.
 

Answer Stats

Answer% Correct
Argentina
92%
Australia
92%
Brazil
89%
Mexico
89%
Russia
87%
China
86%
Cuba
86%
Poland
86%
USA
86%
Vietnam
84%
Colombia
83%
Germany
83%
New Zealand
83%
Peru
79%
Thailand
79%

Score Distribution

Percentile by Number Answered

Percent of People with Each Score

Your Score History

You have not taken this quiz